Výber zamestnania očami zamestnanca

Postup pri hľadaní nového zamestnania. Tvorba životopisu a sprievodného listu. Spôsob komunikácie pri prijímacom rozhovore, rozhovor s uchádzačom o pracovnú príležitosť.

Na minha lista:
Detalhes bibliográficos
Formato: Capítulo de Livro
Idioma:eslovaco
Assuntos:
Tags: Adicionar Tag
Sem tags, seja o primeiro a adicionar uma tag!

MARC

LEADER 00000naa a2200000 4500
001 r038337
005 20231003081015.1
041 0 |a slo 
044 |a SK 
245 1 0 |a Výber zamestnania očami zamestnanca 
520 |a Postup pri hľadaní nového zamestnania. Tvorba životopisu a sprievodného listu. Spôsob komunikácie pri prijímacom rozhovore, rozhovor s uchádzačom o pracovnú príležitosť. 
610 2 0 |a zamestnávatelia 
610 2 0 |a zamestnanci 
610 2 0 |a trh práce 
610 2 0 |a konkurzy 
610 2 0 |a sebarealizácia 
610 2 0 |a orientácia profesionálna 
610 2 0 |a životopisy 
610 2 0 |a inzercia 
610 2 0 |a rozhovor 
610 2 0 |a komunikácia 
610 2 0 |a asertivita